
Library Catalogue

| 000 -LEADER | |
|---|---|
| fixed length control field | 01676cam a2200265 a 4500 |
| 001 - CONTROL NUMBER | |
| control field | 14075643 |
| 005 - DATE AND TIME OF LATEST TRANSACTION | |
| control field | 20260429051354.0 |
| 008 - FIXED-LENGTH DATA ELEMENTS--GENERAL INFORMATION | |
| fixed length control field | 050816s2005 ii a b 001 0 eng |
| 020 ## - INTERNATIONAL STANDARD BOOK NUMBER | |
| International Standard Book Number | 0195670175 (hbk.) |
| 082 00 - DEWEY DECIMAL CLASSIFICATION NUMBER | |
| Classification number | 330.954 RAO |
| 100 1# - MAIN ENTRY--PERSONAL NAME | |
| Personal name | Govinda Rao, M. |
| 245 14 - TITLE STATEMENT | |
| Title | The political economy of federalism in India / |
| Statement of responsibility, etc. | M. Govinda Rao and Nirvikar Singh. |
| 260 ## - PUBLICATION, DISTRIBUTION, ETC. | |
| Place of publication, distribution, etc. | New Delhi : |
| Name of publisher, distributor, etc. | Oxford University Press, |
| Date of publication, distribution, etc. | 2005. |
| 300 ## - PHYSICAL DESCRIPTION | |
| Extent | ix, 422 p. ; |
| Other physical details | ill. ; |
| Dimensions | 23 cm. |
| 365 ## - TRADE PRICE | |
| Price amount | RS.675 |
| 505 ## - FORMATTED CONTENTS NOTE | |
| Formatted contents note | <br/>I THE SETTING<br/>1. Political Economy of Federalism: Challenges of Reforming Policies and Institutions<br/>2. Political and Economic Theories of Federalism<br/>3. A Historical Review of Indian Federalism<br/>4. Bargaining, Control, and Commitment<br/>5. Dimensions of Federal Governance<br/>II ECONOMICS OF INDIAN FEDERALISM<br/>6. Assignment of Taxes and Expenditures<br/>7. Fiscal Overlapping, Concurrency, and Competition<br/>8. Intergovernmental Transfers: Rationale and Design<br/>9. Explicit and Implicit Intergovernmental Transfers<br/>10. Natural Resources<br/>III POLITICAL ECONOMY AND INTERGOVERNMENTAL REFORMS<br/>11. The Political Economy of Centre-state Transfers<br/>12. Regional Dimensions of Economic Growth<br/>13. Issues in Local Government Reform<br/>14. Policy and Institutional Dimensions of Reform<br/>15. Indian Federalism in a Global Environment<br/>Bibliography |
| 650 #0 - SUBJECT ADDED ENTRY--TOPICAL TERM | |
| Topical term or geographic name entry element | Federal government |
| 650 #0 - SUBJECT ADDED ENTRY--TOPICAL TERM | |
| Topical term or geographic name entry element | Federal government |
| 650 #0 - SUBJECT ADDED ENTRY--TOPICAL TERM | |
| Topical term or geographic name entry element | Decentralization in government |
| 650 #0 - SUBJECT ADDED ENTRY--TOPICAL TERM | |
| Topical term or geographic name entry element | Comparative government. |
| 650 #0 - SUBJECT ADDED ENTRY--TOPICAL TERM | |
| Topical term or geographic name entry element | Capitalism |
| 700 1# - ADDED ENTRY--PERSONAL NAME | |
| Personal name | Singh, Nirvikar. |
| 856 42 - ELECTRONIC LOCATION AND ACCESS | |
| Materials specified | Publisher description |
| Uniform Resource Identifier | <a href="http://www.loc.gov/catdir/enhancements/fy0636/2005281111-d.html">http://www.loc.gov/catdir/enhancements/fy0636/2005281111-d.html</a> |
| 942 ## - ADDED ENTRY ELEMENTS (KOHA) | |
| Source of classification or shelving scheme | Dewey Decimal Classification |
| Koha item type | BOOKs |
| Withdrawn status | Lost status | Damaged status | Not for loan | Home library | Current library | Shelving location | Date acquired | Cost, normal purchase price | Total Checkouts | Full call number | Barcode | Date last seen | Price effective from | Koha item type |
|---|---|---|---|---|---|---|---|---|---|---|---|---|---|---|
| . | . | 30.05.2017 | 625.00 | 330.954 RAO | 20759 | 30.05.2017 | 30.05.2017 | BOOKs | ||||||
| . | . | 30.05.2017 | 295.00 | 330.954 RAO | 23101 | 30.05.2017 | 30.05.2017 | BOOKs |